000
00333nam a2200133Ia 4500
008
240624s9999 xx 000 0 und d
041
_a
eng
082
_a
657 BAS
100
_a
BASIOUDIS ILIAS G
245
_a
FINANCIAL ACCOUNTING THE BASICS
260
_c
2019
_a
London
_b
Routledge
300
_a
x, 390 p.; 17 cm.
365
_c
BPS
_b
31
999
_c
31991
_d
31991